| 000 | 01023 a2200241 4500 | ||
|---|---|---|---|
| 003 | Nust | ||
| 005 | 20220802104328.0 | ||
| 010 | _a 2004004221 | ||
| 020 | _a0470852755 (cloth) | ||
| 020 | _a0470852763 (paper) | ||
| 040 | _cNust | ||
| 082 | _a620.11,TIL | ||
| 100 | 1 | _aTilley, R. J. D. | |
| 245 | 1 | 0 |
_aUnderstanding solids : _bthe science of materials / _cRichard J.D. Tilley. |
| 260 |
_aChichester, West Sussex, England ; _aHoboken, NJ, USA _bJ. Wiley, _cc2004. |
||
| 300 |
_axxii, 593 p. : _bill. ; _c25 cm. |
||
| 505 | _aPart.1 Structures and Microstructures (Page-1), Part.2 Classes of Materials (Page-149), Part.3 Reactions and Transformations (Page-201), Part.4 Physical Properties (Page-293), Part.5 Nuclear Properties of Solids (Page-491). | ||
| 650 | 0 | _aMaterials science. | |
| 650 | 0 | _aSolids. | |
| 856 | 4 | 2 |
_3Publisher description _uhttp://www.loc.gov/catdir/description/wiley041/2004004221.html |
| 856 | 4 | 2 |
_3Table of contents _uhttp://www.loc.gov/catdir/toc/ecip0415/2004004221.html |
| 942 |
_2ddc _cREF |
||
| 999 |
_c190485 _d190485 |
||